00512nam a2200157 450000500170000000800410001708200160005811000290007424500720010326000500017530000310022565000190025665000250027570000290030070000250032920231202005441.0231202b2004 |||||||| |||| 00| 0 eng d a305.42bBEY aBeyond Beijing Committee a Beijing and beyond, Beijing +10 NGO country report, 2004 : bNepal aLalitpur:bBeyond Beijing Committee, c[2004] a62 p. : color ill. ; 26 cm aFEMINISM-Nepal aWomen in development aSiwakoti, Gopal Krishna  aOstermann, Susan L.